000 02226nam0a2200397 4500
001 RU\NLR\bibl\1519116
005 20260406053011.0
021 _aRU
_b2010-32136
_92153
035 _a(nilc)RSL-KNO-004639181
035 _a(NLR Aleph) 001510486
090 _a77350
_c77350
100 _a20100511d2009 |||y0rusy50 ca
101 0 _arus
102 _aRU
105 _aa zzzz|||||
200 1 _aОбразование высокоспинового изомера 135Cs (I = 19/2) в фотоядерных реакциях
_fЮ. П. Гангрский, В. И. Жеменик, Н. Н. Колесников [и др.]
210 _aДубна
_cИздательский отдел Объединенного ин-та ядерных исслед.
_d2009
215 _a7, [1] с.
_cил., табл.
_d22
225 1 _aОбъединенный институт ядерных исследований, Дубна
_vР15-2009-156
300 _aБез тит. л. Описано по обл.
300 _aНаправлено в журн. "Ядерная физика"
320 _aБиблиогр. в конце кн.
606 1 _aЦезий
_xИзомеры
_xОбразование в фотоядерных реакциях
_92132380
_3RU\NLR\auth\661590388
610 0 _aФизико-математические науки -- Физика -- Физика атомного ядра и элементарных частиц -- Физика атомного ядра -- Ядерные реакции -- Реакции, вызываемые отдельными частицами -- Реакции, вызываемые фотонами (фотоядерные реакции)
686 _aВ383.520.477,09
_2rubbk
686 _aВ383.58
701 1 _4070
_8rus
_7ca
_aГангрский
_bЮ.П.
_f1932-
_gЮрий Петрович
_3RU\NLR\auth\776692
_9116641
701 1 _aЖеменик
_bВ. И.
_4070
701 1 _4070
_8rus
_7ca
_aКолесников
_bН. Н.
_gНиколай Николаевич
_3RU\NLR\auth\777849
_9117775
801 0 _aRU
_bРГБ
_c20100511
_grcr
801 1 _aRU
_bРГБ
_c20100511
801 2 _aRU
_bNLR
_c20100603
_grcr
942 _cBOOK
980 _aNB